| 000 | 00568nam a2200205Ia 4500 | ||
|---|---|---|---|
| 005 | 20250326144523.0 | ||
| 008 | 250326s9999 xx 000 0 und d | ||
| 020 | _a0-87584-867-2 | ||
| 037 | _aTextbook | ||
| 040 |
_aFMSL _beng _cFMSL |
||
| 041 |
_aeng _2eng |
||
| 084 |
_aX:8 P5 _qFMSL |
||
| 100 |
_aRayport Jeffery F _9749822 |
||
| 245 | 0 |
_aBest face forward _cRayport Jeffery F; Jaworski Bernard J |
|
| 260 |
_aBoston _bBoston, HBS _c2005 |
||
| 300 | _axxi,262 | ||
| 365 | _b1454.6714999999999 | ||
| 942 |
_cTB _hX:8 P5 |
||
| 999 |
_c1304025 _d1304025 |
||